| 000 | 00453nam a2200181Ia 4500 | ||
|---|---|---|---|
| 008 | 151018s9999 xx 000 0 und d | ||
| 082 |
_bRBASDV18170 _a920 |
||
| 100 | _a& Bharathi Chinmaaya | ||
| 245 | _aBala Bhagavatam | ||
| 250 | _b1 | ||
| 260 |
_bTriurti p. press _c1980 |
||
| 300 | _a141 | ||
| 600 | _a& Bharathi Chinmaaya | ||
| 630 | _aBala Bhagavatam | ||
| 700 | _a& Bharathi Chinmaaya | ||
| 730 | _aBala Bhagavatam | ||
| 942 | _cBOOK | ||
| 999 |
_c1018834 _d1018831 |
||